Agricultural and life sciences

Gorde:
Xehetasun bibliografikoak
Formatua: Liburua
Hizkuntza:Undetermined
Argitaratua: New York Auerbach Publications 2004
Gaiak:
Etiketak: Etiketa erantsi
Etiketarik gabe, Izan zaitez lehena erregistro honi etiketa jartzen!
Thư viện lưu trữ: Trung tâm Học liệu Trường Đại học Cần Thơ
LEADER 00491nam a2200181Ia 4500
001 CTU_69343
008 210402s9999 xx 000 0 und d
082 |a 016.63 
082 |b A278 
245 0 |a Agricultural and life sciences 
245 2 |c A member of the Taylor & Francis group 
260 |a New York 
260 |b Auerbach Publications 
260 |c 2004 
650 |a Book catalogs 
904 |a Mai Loan 
904 |i Năm 
980 |a Trung tâm Học liệu Trường Đại học Cần Thơ